Le Chili et la France: Pour l'elargissement de l'influence française dans l'Amérique du Sud. Préface de M. Jules Roche, Député et ancien ministre
Bewaard in:
| Hoofdauteur: | |
|---|---|
| Formaat: | Boek |
| Taal: | Frans |
| Gepubliceerd in: |
París
Bossard
1919
|
| Editie: | 1a. ed |
| Onderwerpen: | |
| Tags: |
Voeg label toe
Geen labels, Wees de eerste die dit record labelt!
|
MARC
| LEADER | 00000nam a2200000 a 4500 | ||
|---|---|---|---|
| 001 | UCJ5193 | ||
| 003 | CL-VaPUC | ||
| 008 | 070124e19190000FR |||||||||||||||||fre|d | ||
| 082 | 0 | 4 | |a 983 |b CON |2 21 |
| 100 | 0 | |a Contreras, Francisco |e author |9 352771 | |
| 245 | 1 | 3 | |a Le Chili et la France: Pour l'elargissement de l'influence française dans l'Amérique du Sud. Préface de M. Jules Roche, Député et ancien ministre |
| 250 | |a 1a. ed | ||
| 300 | |a 164 p | ||
| 942 | |c BK | ||
| 945 | |d 20070124 00:00:00 |a rinostro | ||
| 260 | |a París |b Bossard |c 1919 | ||
| 500 | |a Mapa de Chile anterior al Plebiscito de Tacna y Arica | ||
| 600 | 0 | 7 | |a ROCHE, JULES |2 CL-VaPUC |9 510065 |
| 650 | 0 | |a Historia |9 255047 | |
| 650 | 0 | |a Geografía |9 259346 | |
| 650 | 0 | |a Población |9 257577 | |
| 650 | 0 | |a Recursos naturales |9 255232 | |
| 650 | 0 | |a Minería |9 326008 | |
| 650 | 0 | |a Agricultura |9 255598 | |
| 650 | 0 | |a Comercio |9 255341 | |
| 650 | 7 | |a INDUSTRIA |2 CL-VaPUC |9 315110 | |
| 650 | 0 | |a Educación |9 258661 | |
| 650 | 0 | |a Gobierno |9 255508 | |
| 650 | 0 | |a Fuerzas Armadas |9 255504 | |
| 650 | 7 | |a NEUTRALIDAD |2 CL-VaPUC |9 375136 | |
| 650 | 7 | |a FRANCESES |2 CL-VaPUC |9 445469 | |
| 650 | 0 | |a Inmigración |9 268290 | |
| 650 | 0 | |a Mapas |9 260844 | |
| 650 | 7 | |a MARCA TIPOGRAFICA |2 CL-VaPUC |9 506100 | |
| 651 | 7 | |a CHILE |2 CL-VaPUC |9 510066 | |
| 651 | 0 | |a Francia |9 255157 | |
| 583 | |a last modification |c 20070124 00:00:00 |k Rodrigo Vera | ||
| 999 | |c 321306 |d 321304 | ||
| 952 | |0 0 |1 0 |4 0 |6 983_000000000000000_CON_1919 |7 0 |8 X |9 400016 |a FDOBUD |b FDOBUD |d 2019-11-22 |i 1031139 |o 983 CON 1919 |p 1031139 |r 2019-11-22 |w 2019-11-22 |y BK_X |k BUD | ||